000 01442nam a22002537a 4500
999 _c58919
_d58919
003 Ge_BSU
005 20221019115335.0
008 221019s2020 ge ||||| |||| 00| 0 geo d
020 _a9789941828591
041 _ageo
080 _a821.353.1(092 რუსთაველი, შოთა) მ-65
100 _aმთვარელიძე, მურად,
_914712
245 _aრუსთველოლოგიური თხრობანი /
_cმურად მთვარელიძე ; რედაქტორი მაყვალა დავითაძე ; ყდის დიზაინერი მინდია მთვარელიძე.
264 _aგორი :
_bგორის სახელმწ. უნივერსიტეტი,
_c2020.
300 _a512 გვ. ;
_b20 სმ.
501 _aტერმინთა განმარტებები: გვ. 469-481.
504 _aბიბლიოგრაფია: გვ. 482-511.
520 _a რეზიუმე ინგლ. ენაზე.
653 _aრუსთაველი, შოთა
653 _aქართული ეპიკური პოემა
700 _aდავითაძე, მაყვალა.
_eრედაქტორი.
_915357
700 _aმთვარელიძე, მინდია
_eყდის დიზაინერი.
_915238
942 _2udc
_cBK